| 000 | 01571cam a2200277 i 4500 | ||
|---|---|---|---|
| 999 |
_c27584 _d27555 |
||
| 001 | 19648754 | ||
| 003 | EG-ScBUE | ||
| 005 | 20190908103605.0 | ||
| 008 | 170517s2018 enk f b 001 0 eng d | ||
| 020 | _a9781138298385 (pbk.) | ||
| 040 |
_aDLC _beng _erda _cDLC _dDLC _dEG-ScBUE |
||
| 082 | 0 | 4 |
_a401.41 _bGEE _222 |
| 100 | 1 |
_aGee, James Paul, _eauthor. |
|
| 245 | 1 | 0 |
_aIntroducing discourse analysis : _bfrom grammar to society / _cJames Paul Gee. |
| 264 | 1 |
_aAbingdon ; _aNew York : _bRoutledge / Taylor & Francis Group, _c2018. |
|
| 300 |
_ax, 170 pages ; _c23 cm |
||
| 336 |
_atext _btxt _2rdacontent |
||
| 337 |
_aunmediated _bn _2rdamedia |
||
| 338 |
_avolume _bnc _2rdacarrier |
||
| 504 | _aIncludes bibliographical references and index. | ||
| 520 | _aThis title provides a concise and accessible introduction by author James Paul Gee to the fundamental ideas behind different specific approaches to discourse analysis, or the analysis of language in use. Gee stresses how grammar sets up choices for speakers and writers to make, choices which express, not unvarnished truth, but perspectives or viewpoints on reality. In turn, these perspectives are the material from which social interactions, social relations, identity, and politics make and remake society and culture. The book also offers an approach to how discourse analysis can contribute to lessening the ideological divides and echo chambers that so bedevil our world today. | ||
| 650 | 7 |
_aDiscourse analysis. _2BUEsh |
|
| 653 |
_bHHUUEENN _cSeptember2019 |
||
| 655 | _vReading book | ||
| 942 |
_2ddc _cBB |
||